US States That End in "IA" - Statistics

General Stats
  • This quiz has been taken 768 times
  • The average score is 4 of 5
Answer Stats
State % Correct
California
91%
Georgia
87%
Virginia
86%
West Virginia
83%
Pennsylvania
75%
No matching quizzes found
Score Distribution
Percent of People with Each Score
Percentile by Number Answered
Your Score History
You have not taken this quiz